000 01272nam a22002897a 4500
005 20240530110614.0
008 160903s2012 au g 000 0dara d
017 _a17948/2011
_bمصر . دار الكتب المصريه
020 _a9789777047999
040 _aEG-CaGPL
082 0 4 _221
_a214\
_bهـ ع
100 0 _aشبلى النعمانى الهندى .
245 1 0 _aعلم الكلام الجديد /
_c تاليف شبلى النعمانى الهندى ؛ ترجمة و تقديم جلال السعيد الحفناوي ؛ مراجعة السباعي محمد السباعي .
260 _aالقاهره :
_bالمركز القومى للترجمة ،
_c2012 .
300 _a378 ص ؛
_c24 سم .
490 0 _aالمشروع القومى للترجمة ؛
_v1974 .
600 0 4 _aابن رشد .
600 0 4 _aابن تيمية .
600 0 4 _aشاه ولى الله .
650 0 4 _aعلم الكلام .
650 0 4 _aعلم العقائد .
650 0 4 _aعلم التوحيد والفرق الاسلامية .
700 0 _aجلال السعيد الحفناوى
_eمترجم و مقدم
700 0 _aالسباعى محمد السباعى
_eمراجع
942 _2ddc
_cBK
999 _c62926
_d62926